All Formula One Drivers of the Day - Statistics

General Stats
  • This quiz has been taken 710 times
    264 since last reset
  • The average score is 25 of 27
Answer Stats
DOTD Wins Nationality Last DOTD Driver % Correct
40 Dutch 2024 Max Verstappen
100%
17 Monégasque 2024 Charles Leclerc
99%
17 British 2024 Lewis Hamilton
99%
23 German 2022 Sebastian Vettel
99%
7 Spanish 2024 Carlos Sainz Jr.
98%
11 Australian 2024 Daniel Ricciardo
98%
6 Spanish 2023 Fernando Alonso
98%
17 British 2024 Lando Norris
98%
5 Finnish 2019 Valtteri Bottas
98%
4 Thai 2023 Alexander Albon
97%
1 French 2023 Esteban Ocon
97%
4 Australian 2024 Oscar Piastri
97%
13 Mexican 2023 Sergio Pérez
97%
3 French 2020 Pierre Gasly
96%
5 Finnish 2021 Kimi Räikkönen
95%
1 Canadian 2017 Lance Stroll
95%
1 Danish 2016 Kevin Magnussen
94%
1 Chinese 2024 Zhou Guanyu
94%
1 Japanese 2023 Yuki Tsunoda
93%
1 British 2020 George Russell
89%
2 German 2020 Nico Hulkenberg
89%
1 Russian 2016 Daniil Kvyat
85%
3 French 2020 Romain Grosjean
79%
1 German 2016 Nico Rosberg
77%
1 Dutch 2022 Nyck de Vries
77%
1 British 2024 Oliver Bearman
73%
1 German 2022 Mick Schumacher
72%
No matching quizzes found
Score Distribution
Percent of People with Each Score
Percentile by Number Answered
Your Score History
You have not taken this quiz since the last reset